| Registos Bibliográficos associados ao registo de autoridade |
|
Etiqueta de registo: 00000nam 2200025 450 001 2278765 003 http://id.bnportugal.gov.pt/bib/catbnp/2278765 100 ## $a20260310d2023 k y0pory01030103ba 101 0# $apor$deng 102 ## $aPT 105 ## $aa m 000yy 106 ## $ar 200 1# $aConceção de um betão drenante para pavimentos rígidos$fJosé Maria Carvalho Belo Ximenes$gorient. José Luís Barroso Aguiar, Jorge Carvalho Pais 210 #9 $a[S.l.$cs.n.],$d2023 215 ## $aXIX, 147 p.$cil.$d30 cm 328 #1 $aTese dout. Engenharia Civil, Escola de Engenharia, Universidade do Minho, 2023 675 ## $a625.85.022(043)$vBN$zpor$31996050 700 #1 $aXimenes,$bJosé Maria Carvalho Belo$31990434 702 #1 $aAguiar,$bJosé B.,$f1959-$4727$365436 702 #1 $aPais,$bJorge Carvalho$4727$3114161 801 #0 $aPT$bBN$gRPC 966 ## $lBN$mFGMON$sS.A. 193589 V.$x1 971 ## $corlando$d20260310 972 ## $e0$z0$d20260422$vlrevez 973 ## $ctrodrigues$d20260416
|
|
|